Normal view
MARC view
- Punia, Darshan
Entry Personal Name
001 - CONTROL NUMBER
- control field: 326
003 - CONTROL NUMBER IDENTIFIER
- control field: OSt
005 - DATE AND TIME OF LATEST TRANSACTION
- control field: 20160608150948.0
008 - FIXED-LENGTH DATA ELEMENTS
- fixed length control field: 160608|| aca||aabn | a|a d
040 ## - CATALOGING SOURCE
- Original cataloging agency: OSt
- Transcribing agency: OSt
100 ## - HEADING--PERSONAL NAME
- Personal name: Punia, Darshan
670 ## - SOURCE DATA FOUND
- Source citation: Work cat.: (OSt)14007: Khetarpaul, Neelam 324, Food Analysis, 2011
